Finančná analýza a jej význam pre ohodnocovanie majetku podnikov diplomová práca

Na minha lista:
Detalhes bibliográficos
Autor principal: Strečková, Lenka
Autor Corporativo: Fakulta podnikového manažmentu EU. Katedra podnikových financií
Outros Autores: Smorada, Marián, 1984-
Formato: Livro
Idioma:eslovaco
Publicado em: Bratislava 2014
Tags: Adicionar Tag
Sem tags, seja o primeiro a adicionar uma tag!

MARC

LEADER 00000nbm a2200000 4500
001 0187820
005 20170201091258.8
041 0 |a slo 
044 |a SK 
245 1 0 |a Finančná analýza a jej význam pre ohodnocovanie majetku podnikov  |b diplomová práca  |c Lenka Strečková ; školiteľ: Marián Smorada 
264 1 |a Bratislava  |c 2014 
300 |a 84 s. 
100 1 |a Strečková, Lenka 
700 1 |a Smorada, Marián, 1984- 
710 2 |a Fakulta podnikového manažmentu EU. Katedra podnikových financií